Hawk And Hyena (Record no. 41159)

MARC details
000 -LEADER
fixed length control field 00291nam a2200121Ia 4500
008 - FIXED-LENGTH DATA ELEMENTS--GENERAL INFORMATION
fixed length control field 240719s9999 xx 000 0 und d
041 ## - LANGUAGE CODE
Language code of text/sound track or separate title eng
082 ## - DEWEY DECIMAL CLASSIFICATION NUMBER
Classification number 823 DHO
100 ## - MAIN ENTRY--PERSONAL NAME
Personal name Dhondy, Farrukh
245 ## - TITLE STATEMENT
Title Hawk And Hyena
260 ## - PUBLICATION, DISTRIBUTION, ETC.
Place of publication, distribution, etc. New Delhi
Name of publisher, distributor, etc. Copper Coin
Date of publication, distribution, etc. 2021
300 ## - PHYSICAL DESCRIPTION
Extent 142 P.; 20 Cm.
Holdings
Withdrawn status Lost status Damaged status Not for loan Home library Current library Shelving location Date acquired Total Checkouts Total Renewals Full call number Barcode Date last seen Date last checked out Price effective from Koha item type Public note
        IMTN IMTN Rack 40-A 04/10/2022 2 1 823 DHO 32854 08/05/2025 07/13/2025 07/19/2024 Books Gifted
Designed & Maintained by: LRC IMT Nagpur Contact: lrc@imtnag.ac.in© 2024. All Rights Reserved.